Statistics for Towns of Connecticut

Click here to take the quiz!

General Stats

  • This quiz has been taken 130 times
    (126 since last reset)
  • The average score is 52 of 169

Answer Stats

Entity ANSWER County % Correct
CityNew HavenNew Haven
91%
CityHartfordHartford
89%
CityNew LondonNew London
85%
TownFairfieldFairfield
83%
TownTollandTolland
82%
TownLitchfieldLitchfield
80%
CityStamfordFairfield
73%
TownEast HartfordHartford
73%
CityDanburyFairfield
71%
TownWindhamWindham
71%
TownGreenwichFairfield
71%
CityBridgeportFairfield
71%
TownWest HartfordHartford
70%
CityWest HavenNew Haven
62%
TownManchesterHartford
61%
CityWaterburyNew Haven
61%
CityMiddletownMiddlesex
59%
TownAvonHartford
56%
TownGrotonNew London
55%
TownNorth HavenNew Haven
53%
TownEast HavenNew Haven
53%
TownWindsorHartford
53%
CityMilfordNew Haven
52%
CityBristolHartford
50%
TownOld LymeNew London
48%
CityNew BritainHartford
47%
TownStratfordFairfield
47%
CityNorwalkFairfield
47%
TownDarienFairfield
45%
TownFarmingtonHartford
45%
TownBranfordNew Haven
45%
CityMeridenNew Haven
45%
TownWestportFairfield
45%
TownOld SaybrookMiddlesex
45%
TownNewtownFairfield
44%
CityTorringtonLitchfield
44%
TownNew HartfordLitchfield
42%
TownCheshireNew Haven
42%
TownGranbyHartford
42%
TownGlastonburyHartford
42%
TownSouthingtonHartford
41%
TownOrangeNew Haven
41%
TownWindsor LocksHartford
41%
TownLymeNew London
41%
TownHamdenNew Haven
39%
TownNew CanaanFairfield
39%
TownEssexMiddlesex
39%
CityAnsoniaNew Haven
39%
TownCantonHartford
38%
TownEnfieldHartford
38%
TownNewingtonHartford
38%
TownBerlinHartford
36%
TownStoningtonNew London
36%
TownSimsburyHartford
35%
TownBethelFairfield
35%
CityNorwichNew London
35%
TownMadisonNew Haven
35%
TownSouth WindsorHartford
33%
TownWallingfordNew Haven
33%
TownWethersfieldHartford
33%
TownGuilfordNew Haven
33%
TownWaterfordNew London
32%
TownCromwellMiddlesex
32%
TownBloomfieldHartford
32%
TownEast WindsorHartford
32%
TownVernonTolland
30%
TownNew MilfordLitchfield
30%
TownClintonMiddlesex
30%
TownTrumbullFairfield
30%
TownEast LymeNew London
30%
TownEast GranbyHartford
30%
TownNew FairfieldFairfield
29%
TownPlainvilleHartford
29%
TownMansfieldTolland
29%
TownKentLitchfield
29%
TownAndoverTolland
29%
TownSalemNew London
27%
TownStaffordTolland
27%
TownPortlandMiddlesex
27%
TownRocky HillHartford
27%
TownEastonFairfield
27%
TownWatertownLitchfield
27%
CitySheltonFairfield
26%
TownWestonFairfield
26%
TownPutnamWindham
26%
TownMonroeFairfield
26%
TownCoventryTolland
26%
TownHebronTolland
26%
TownColchesterNew London
26%
CityDerbyNew Haven
26%
TownRidgefieldFairfield
24%
TownCanaanLitchfield
24%
TownMiddleburyNew Haven
24%
TownBurlingtonHartford
24%
TownBoltonTolland
24%
Borough-TownNaugatuckNew Haven
23%
TownHaddamMiddlesex
23%
TownWiltonFairfield
23%
TownDurhamMiddlesex
23%
TownLebanonNew London
23%
TownNorth BranfordNew Haven
23%
TownSouthburyNew Haven
23%
TownUnionTolland
23%
TownAshfordWindham
21%
TownLedyardNew London
21%
TownEllingtonTolland
20%
TownEast HaddamMiddlesex
20%
TownKillinglyWindham
20%
TownSuffieldHartford
20%
TownSalisburyLitchfield
20%
TownOxfordNew Haven
20%
TownDeep RiverMiddlesex
20%
TownMiddlefieldMiddlesex
20%
TownMontvilleNew London
20%
TownGoshenLitchfield
18%
TownCornwallLitchfield
18%
TownThomastonLitchfield
17%
TownMarlboroughHartford
17%
TownWolcottNew Haven
17%
TownKillingworthMiddlesex
17%
TownSomersTolland
17%
TownReddingFairfield
17%
TownChesterMiddlesex
17%
TownBozrahNew London
17%
TownGriswoldNew London
15%
TownColumbiaTolland
15%
TownBarkhamstedLitchfield
15%
TownEast HamptonMiddlesex
15%
TownBrookfieldFairfield
15%
TownEastfordWindham
15%
TownCanterburyWindham
15%
TownThompsonWindham
14%
TownWillingtonTolland
14%
TownWoodstockWindham
14%
TownHamptonWindham
14%
TownPlainfieldWindham
14%
TownNorth StoningtonNew London
14%
TownFranklinNew London
14%
TownNorfolkLitchfield
14%
TownShermanFairfield
14%
TownWoodbridgeNew Haven
12%
TownScotlandWindham
12%
TownSharonLitchfield
12%
TownHarwintonLitchfield
12%
TownHartlandHartford
12%
TownWestbrookMiddlesex
12%
TownBrooklynWindham
12%
TownLisbonNew London
11%
TownNorth CanaanLitchfield
11%
TownBeacon FallsNew Haven
11%
TownWoodburyLitchfield
11%
TownMorrisLitchfield
11%
TownSterlingWindham
11%
TownProspectNew Haven
11%
TownChaplinWindham
11%
TownPrestonNew London
9%
TownSeymourNew Haven
9%
TownSpragueNew London
9%
TownWashingtonLitchfield
9%
TownBethlehemLitchfield
9%
TownPlymouthLitchfield
9%
TownBethanyNew Haven
8%
TownPomfretWindham
8%
TownBridgewaterLitchfield
8%
TownWinchesterLitchfield
8%
TownRoxburyLitchfield
8%
TownColebrookLitchfield
8%
TownVoluntownNew London
8%
TownWarrenLitchfield
6%

Score Distribution

Percentile by Number Answered

Percent of People with Each Score

Your Score History

You have not taken this quiz since the last reset